El Resurgimiento de la lucha política de masas y sus nuevas manifestaciones en El Salvador: 1983-1984

Uloženo v:
Podrobná bibliografie
Hlavní autor: Lungo Uclés, Mario
Médium: Text
Vydáno: Panamá
Tagy: Přidat tag
Žádné tagy, Buďte první, kdo vytvoří štítek k tomuto záznamu!

MARC

LEADER 00000 a a2200000 04500
001 21097
003
040
090 |a 091300  
100 |a Lungo Uclés, Mario  
245 |a El Resurgimiento de la lucha política de masas y sus nuevas manifestaciones en El Salvador: 1983-1984  
260 |a Panamá  
300 |a 26 p.  
999 |c 14956  |d 14956